El movimiento obrero en Honduras (primera parte)

Պահպանված է:
Մատենագիտական մանրամասներ
Ձևաչափ: Տեքստ
Խորագրեր:
Ցուցիչներ: Ավելացրեք ցուցիչ
Չկան պիտակներ, Եղեք առաջինը, ով նշում է այս գրառումը!

MARC

LEADER 00000 a a2200000 04500
001 17843
003
040
245 |a El movimiento obrero en Honduras (primera parte)  
650 |a MOVIMIENTOS SOCIALES  
650 |a DEMOCRACIA  
650 |a VIOLENCIA  
650 |a GUATEMALA  
773 |g volumen 3, número 19. (1979) páginas 151-152  
999 |c 26723  |d 26723 
773 0 |0 42391  |9 3989  |a Agencia Latinoamericana de Información, ALAI  |d Quito, Ecuador: ALAI  |o 03859  |t ALAI:  |x 08275564 (Servicio mensual de información y documentación)